[Event "Petroupoli ASOP Dias Seniors op"]
[Site "Petroupoli"]
[Date "2012.11.10"]
[Round "2.13"]
[White "Stamoulis, Hristos"]
[Black "Tsavaris, Eleftherios"]
[Result "1-0"]
[WhiteElo "1503"]
[BlackElo "1010"]
[PlyCount "59"]
[EventDate "2012.11.03"]
[EventType "swiss"]
[EventRounds "7"]
[EventCountry "GRE"]
[SourceTitle "EXT 2024"]
[Source "ChessBase"]
[SourceDate "2023.10.10"]
[SourceVersion "1"]
[SourceVersionDate "2023.10.10"]
[SourceQuality "1"]

1. e4 d5 2. exd5 Qxd5 3. Nc3 Qa5 4. Bc4 Nf6 5. d4 e6 6. Nge2 b5 7. Bxb5+ Nbd7 8. 0-0 Bb4 9. Bd2 Bxc3 10. Nxc3 0-0 11. Bc6 Rb8 12. Nd5 Qa6 13. Bxd7 Nxd5 14. Bxc8 Rfxc8 15. b3 c5 16. c4 Nf6 17. dxc5 Rxc5 18. Re1 Rd8 19. Qc2 Qd6 20. Bb4 Rdc8 21. Bxc5 Rxc5 22. Rad1 Qb6 23. Qd3 Rc8 24. Qd6 Qxd6 25. Rxd6 g6 26. Ra6 Ra8 27. b4 Nd7 28. Rd1 Ne5 29. c5 Rb8 30. a3 1-0

[Event "Petroupoli ASOP Dias op 2nd"]
[Site "Petroupoli"]
[Date "2012.02.18"]
[Round "3.1"]
[White "Skevis, Aristeidis"]
[Black "Stamoulis, Hristos"]
[Result "1/2-1/2"]
[WhiteElo "1736"]
[BlackElo "1505"]
[PlyCount "100"]
[EventDate "2012.02.11"]
[EventType "swiss"]
[EventRounds "7"]
[EventCountry "GRE"]
[SourceTitle "EXT 2024"]
[Source "ChessBase"]
[SourceDate "2023.10.10"]
[SourceVersion "1"]
[SourceVersionDate "2023.10.10"]
[SourceQuality "1"]

1. d4 d5 2. Nf3 Bf5 3. Bf4 Nf6 4. Nc3 e6 5. e3 Bb4 6. Bg5 Nbd7 7. Ne5 h6 8. Nxd7 Qxd7 9. Bxf6 gxf6 10. Qd2 a6 11. h4 Qd6 12. Bd3 Bg6 13. h5 Bh7 14. Rh3 Ke7 15. a3 Bxc3 16. Qxc3 Bxd3 17. Qxd3 Rag8 18. g3 Rg7 19. Qb3 Rb8 20. c4 dxc4 21. Qxc4 Rd8 22. 0-0-0 Rg5 23. Rh4 Qb6 24. Rd2 Rd6 25. Qd3 Qc6+ 26. Rc2 Rc5 27. Qh7 Rxc2+ 28. Qxc2 Qxc2+ 29. Kxc2 f5 30. b3 Rc6+ 31. Kb2 Kf6 32. f4 Rd6 33. Kc3 Rc6+ 34. Kd2 Rb6 35. Kc2 Rc6+ 36. Kb2 Rd6 37. Rh2 Rd8 38. Kc3 Rd6 39. Kd3 Rb6 40. Rb2 Ke7 41. e4 fxe4+ 42. Kxe4 f5+ 43. Kd3 Kd6 44. Rb1 Kd5 45. Rb2 Rc6 46. Rb1 Rb6 47. Rb2 a5 48. Rb1 a4 49. b4 Rc6 50. Re1 Kd6 1/2-1/2